Las operaciones de la ingeniería de los alimentos
Furkejuvvon:
| Váldodahkkit: | , , , |
|---|---|
| Materiálatiipa: | Girji |
| Giella: | espánnjágiella |
| Almmustuhtton: |
Zaragoza
Acribia
1970
|
| Preanttus: | 1a. ed |
| Fáttát: | |
| Fáddágilkorat: |
Lasit fáddágilkoriid
Eai fáddágilkorat, Lasit vuosttaš fáddágilkora!
|
MARC
| LEADER | 00000cam a2200000 a 4500 | ||
|---|---|---|---|
| 001 | UCR4731 | ||
| 003 | CL-VaPUC | ||
| 005 | 20230816111614.0 | ||
| 008 | 980313e19700000SP |||||||||||||||||spa|d | ||
| 999 | |c 267624 |d 267622 | ||
| 040 | |c Pontificia Universidad Católica de Valparaíso | ||
| 082 | 0 | 4 | |a 664 |b BRE |2 21 |
| 100 | 0 | |a Brennan, James G |e author |9 405294 | |
| 245 | 1 | 4 | |a Las operaciones de la ingeniería de los alimentos |
| 250 | |a 1a. ed | ||
| 260 | |a Zaragoza |b Acribia |c 1970 | ||
| 300 | |a 434 p | ||
| 583 | |a last modification |c 20160920 01:45:44 |k Rodrigo Vera | ||
| 600 | 0 | |9 298192 |a Brennan, James G |e author | |
| 650 | 0 | |a Industria alimentaria |9 331702 | |
| 650 | 0 | |a Tecnología de alimentos |2 CL-VaPUC |9 259595 | |
| 650 | 0 | |a Alimentos |x Conservación |x Deshidratación |9 256203 | |
| 700 | 0 | |a Butters, J. R |e author |9 405295 | |
| 700 | 0 | |a Cowell, N. D |e author |9 405296 | |
| 700 | 0 | |a Lilly, A. E |e author |9 405297 | |
| 942 | |c BK |2 ddc | ||
| 945 | |d 19980313 00:00:00 |a crobeson | ||
| 952 | |0 0 |1 0 |4 0 |6 664_000000000000000_BRE_1970 |7 0 |8 A |9 300069 |a BIBALI |b BIBALI |c RES |d 2019-11-20 |i 1962140 |o 664 BRE 1970 |p 1962140 |r 2025-01-20 |w 2019-11-20 |y BK_R |k ALI | ||
| 952 | |0 0 |1 0 |4 0 |6 664_000000000000000_BRE_1970 |7 0 |8 A |9 300070 |a BIBALI |b BIBALI |c RES |d 2019-11-20 |i 1962159 |o 664 BRE 1970 |p 1962159 |r 2025-01-20 |w 2019-11-20 |y BK_R |k ALI | ||
| 952 | |0 0 |1 0 |4 0 |6 664_000000000000000_BRE_1970 |7 0 |8 A |9 300071 |a BIBALI |b BIBALI |c RES |d 2019-11-20 |i 1974726 |o 664 BRE 1970 |p 1974726 |r 2025-01-20 |w 2019-11-20 |y BK_R |k ALI | ||
| 952 | |0 0 |1 0 |4 0 |6 664_000000000000000_BRE_1970 |7 0 |8 A |9 300072 |a BIBALI |b BIBALI |c RES |d 2019-11-20 |i 196402K |o 664 BRE 1970 |p 196402K |r 2025-01-20 |w 2019-11-20 |y BK_R |k ALI | ||